Economic systems research journal of the International Input-Output Association.

Detalles Bibliográficos
Autor Corporativo: International Input-Output Association
Formato: Electrónico Revista
Lenguaje:inglés
Publicado: Abingdon, Oxfordshire : Carfax, 1989-
Colchester, UK : Routledge, Taylor & Francis
Materias:
Acceso en línea:Full text available from Research Library: 09/01/1997 to 09/30/2000

MARC

LEADER 00000nas a2200000 a 4500
001 ssj0007031
003 WaSeSS
005 20200512172242.0
006 m d
007 cr n
008 000301c19899999enkqr pss o 0 a0eng c
010 |a  2002238413 
015 |a GBA602930  |2 bnb 
016 7 |a 2022495 -3  |2 DE-600 
016 7 |a 013352092  |2 Uk 
022 |a 1469-5758  |l 0953-5314  |y 0953-5314 
035 |a (WaSeSS)ssj0007031 
040 |a UV$  |b eng  |e pn  |c UV$  |d OCL  |d OCLCQ  |d IUL  |d OCLCQ  |d UKMGB  |d OCLCQ  |d OCLCF  |d OCLCO  |d OCLCQ  |d WT2  |d NLE  |d DLC  |d NTG  |d AU@  |d SFB  |d OCLCQ  |d WaSeSS 
042 |a pcc 
050 0 0 |a HB142 
130 0 |a Economic systems research (Online) 
210 0 |a Econ. syst. res. (Online) 
222 0 |a Economic systems research (Online) 
245 1 0 |a Economic systems research  |h [electronic resource] :  |b journal of the International Input-Output Association. 
260 |3 1989- :  |a Abingdon, Oxfordshire :  |b Carfax,  |c 1989- 
260 3 |3 <2013-> :  |a Colchester, UK :  |b Routledge, Taylor & Francis 
310 |a Quarterly 
362 1 |a Began with vol. 1, issue 1 (1989). 
506 |a License restrictions may limit access. 
538 |a Mode of access: World Wide Web. 
588 0 |a Vol. 1, issue 1 (1989); title from journal cover image on homepage (publisher's Web site, viewed Apr. 30, 2002). 
588 1 |a Vol. 30, issue 2 (2018) (Taylor & Francis Online, viewed Apr. 27, 2018). 
650 0 |a Input-output analysis  |v Periodicals. 
650 0 |a Economics, Mathematical  |v Periodicals. 
650 7 |a Economics, Mathematical.  |2 fast  |0 (OCoLC)fst00902260 
650 7 |a Input-output analysis.  |2 fast  |0 (OCoLC)fst00973783 
655 0 |a Electronic journals. 
710 2 |a International Input-Output Association. 
776 0 8 |i Print version:  |t Economic systems research  |x 0953-5314  |w (DLC) 93650248  |w (OCoLC)20337274 
850 |a DLC 
853 2 0 |8 1  |a v.  |b no.  |u 4  |v r  |i (year)  |j (month)  |w q  |x 03  |y pm03,06,09,12 
856 4 0 |z Full text available from Research Library: 09/01/1997 to 09/30/2000  |u https://search.proquest.com/publication/12725 
863 4 1 |8 1.1  |a 12  |b 1  |i 2000  |j 03